| 000 | 00368nam a2200145Ia 4500 | ||
|---|---|---|---|
| 008 | 231217s9999 xx 000 0 und d | ||
| 041 | _aEnglish | ||
| 082 | _a001.6424UNI LEV;1 R | ||
| 100 | _aLevine, John R Young, Margaret Levine | ||
| 245 | 0 | _aUnix for dummies | |
| 250 | _a2nd ed | ||
| 260 |
_c1996 _bComdex _aNew Delhi |
||
| 300 | _axix+368+16 | ||
| 942 | _cAA | ||
| 999 |
_c171573 _d171573 |
||